| 000 | 00583nam a22001697a 4500 | ||
|---|---|---|---|
| 020 | _qHard Cover. | ||
| 082 | _a621.3 | ||
| 100 | _aMuhammad Farooq Mazhar | ||
| 245 |
_aAcad-Gps: _bAcademic Grade Prediction system / _cMuhammad Farooq Mazhar. |
||
| 260 |
_aIslamabad: _bSEECS - NUST, _c2018. |
||
| 300 |
_a46 p. : _bill. ; _c30cm. _e+CD |
||
| 650 |
_aElectrical Engineering MS-Thesis. _916073 |
||
| 700 |
_aDr. Hassan Aqeel Khan _927011 |
||
| 856 | _uhttp://10.250.8.41:8080/xmlui/handle/123456789/24526 | ||
| 942 |
_2ddc _cTHE |
||
| 999 |
_c533378 _d533378 |
||